000 00935cam a2200325 4500500
005 20260405003106.0
041 _afre
042 _adc
100 1 0 _aBotz, Agnès
_eauthor
245 0 0 _aKwame Anthony Appiah : “L’antiracisme, ce n’est pas faire comme si les races n’existaient pas”
260 _c2020.
500 _a41
690 _aAntiracisme
690 _aAppiah
690 _aBlack Lives Matter
690 _aColonialismes
690 _aEsclavagisme
690 _aEsclave
690 _aÉtats-Unis
690 _aGeorge Floyd
690 _aHistoire
690 _aKwame Anthony Appiah
690 _aPolitique
690 _aRacisme
690 _aStatues
690 _aTrump
690 _aUSA
786 0 _nPhilosophie magazine | 141 | 8 | 2020-08-01 | p. 14-18 | 1951-1787
856 4 1 _uhttps://shs.cairn.info/magazine-philosophie-magazine-2020-8-page-14?lang=fr&redirect-ssocas=7080
999 _c2064311
_d2064311